Gestão de contratos de terceirização na administração pública : (Record no. 903)
[ view plain ]
| 000 -LÍDER | |
|---|---|
| Campo Fixo de Controle | 01140cam a2200265 a 4500 |
| 001 - NÚMERO DE CONTROLE | |
| Campo de Controle | 903 |
| 003 - IDENTIFICAÇÃO DO NÚMERO DE CONTROLE | |
| Campo de Controle | BR-CuiBMT |
| 005 - DATA E HORA DA ÚLTIMA ATUALIZAÇÃO | |
| Campo de Controle | 20231212155308.0 |
| 008 - DADOS FIXOS | |
| Dados Fixos | 230927s2019 mgba 000 0 por d |
| 020 ## - INTERNATIONAL STANDARD BOOK NUMBER | |
| Nº do ISBN | 9788545005476 |
| 040 ## - AGÊNCIA CATALOGADORA | |
| Código da Agência Catalogadora | BR-CuiBMT |
| Agência que transcreveu o registro | BR-CuiBMT |
| 080 ## - Nº DA CLASSIFICAÇÃO DECIMAL UNIVERSAL | |
| Nº Class. CDU | 351.712 |
| Nº edição CDU | 2007 |
| 090 ## - NÚMERO DE CHAMADA | |
| Nº classificação | 351.712 |
| Cutter | G393 |
| Ano/Edição | 7. ed. |
| 245 00 - TÍTULO PRINCIPAL | |
| Título principal | Gestão de contratos de terceirização na administração pública : |
| Subtítulo | teoria e prática / |
| Indicação de responsabilidade | Madeline Rocha Furtado ... [et al.] ; prefácio Lucas Rocha Furtado. |
| 246 14 - FORMAS VARIANTES DO TÍTULO | |
| Título principal | O processo de licitação e contratação pela administração: |
| Subtítulo | planejamento, seleção, gerenciamento da contratação, composição dos custos, sob a ótica da legislação vigente, com ênfase na IN MPDG/SEGES nº 05/2017. |
| 250 ## - EDIÇÃO | |
| Edição | 7. ed., rev. e ampl. |
| 260 ## - PUBLICAÇÃO, DISTRIBUIÇÃO, ETC. | |
| Local de publicação | Belo Horizonte : |
| Editora | Fórum, |
| Data | 2019. |
| 300 ## - DESCRIÇÃO FÍSICA | |
| N. páginas ou volumes | 556 p. : |
| Ilustrações | il. ; |
| Dimensões | 24 cm |
| 504 ## - NOTA DE BIBLIOGRAFIA, ETC. | |
| Nota de bibliografia | Inclui bibliografia. |
| 650 ## - ASSUNTO TÓPICO | |
| Cabeçalho tópico ou nome geográfico | Terceirização |
| Subdivisão geral | Contratação |
| Subdivisão geográfica | Brasil |
| 650 ## - ASSUNTO TÓPICO | |
| Cabeçalho tópico ou nome geográfico | Contratação de obras e serviços |
| Subdivisão geográfica | Brasil |
| 650 ## - ASSUNTO TÓPICO | |
| Cabeçalho tópico ou nome geográfico | Contrato administrativo |
| Subdivisão geral | Fiscalização |
| Subdivisão geográfica | Brasil |
| 700 1# - ENTRADA SECUNDÁRIA -- NOME PESSOAL | |
| Nome pessoal | Furtado, Madeline Rocha |
| Cód. do termo explicativo | et al. |
| 942 ## - ELEMENTOS DE ENTRADA ADICIONAIS (KOHA) | |
| Fonte de classificação ou esquema de arquivamento | Classificação Decimal Universal |
| Tipo de item do Koha | Livros |
| Estado: removido | Estado: perdido | Fonte de classificação ou esquema de arquivamento | Estado: danificado | Indisponível para empréstimo | Localização permanente | Localização atual | Data de aquisição | Total Checkouts | Número de Chamada completo | Código de barras | Date last seen | Número do exemplar | Preço efetivo a partir de | Tipo de item (Koha) |
|---|---|---|---|---|---|---|---|---|---|---|---|---|---|---|
| Classificação Decimal Universal | Biblioteca da Escola Superior de Contas do TCE/MT | Biblioteca da Escola Superior de Contas do TCE/MT | 07/08/2019 | 351.712 G393 7. ed. | BIBTCEMT23110893 | 22/11/2023 | Ex. 1 | 22/11/2023 | Livros | |||||
| Classificação Decimal Universal | Biblioteca da Escola Superior de Contas do TCE/MT | Biblioteca da Escola Superior de Contas do TCE/MT | 27/11/2023 | 351.712 G393 7. ed. | BIBTCEMT23111136 | 27/11/2023 | Ex. 2 | 27/11/2023 | Livros |